000
00358nam a2200145Ia 4500
008
151213s9999 xx 000 0 und d
100
_a
Dr.Lutfulkabir
245
_a
Land Law in East Pakistan
_c
Dr.Lutfulkabir
260
_a
Dhaka
_b
Law House Publication
300
_a
2885 p.
650
_a
Law
650
_a
Law
700
_a
Dr.Lutfulkabir
999
_c
1978
_d
1978